[Event "GCT Saint Louis Blitz 2018"]
[Site "Saint Louis"]
[Date "2018.08.14"]
[Round "11"]
[White "Dominguez Perez, Leinier"]
[Black "Mamedyarov, Shakhriyar"]
[Result "1-0"]
[WhiteElo "2687"]
[BlackElo "2795"]
[Annotator "TA"]
[PlyCount "79"]
[EventDate "2018.08.14"]
[EventType "tourn"]
[EventCountry "USA"]
[SourceTitle "playchess.com"]
[Source "ChessBase"]
[SourceQuality "1"]

{[%evp 10,79,37,37,42,42,92,31,33,3,51,26,62,20,37,31,22,26,28,32,114,103,88,25,74,67,66,66,103,107,98,95,110,91,79,95,86,54,178,172,216,225,194,225,418,429,413,393,714,704,704,693,722,720,714,716,868,558,575,532,502,480,622,513,544,522,2376,2235,29979,29980,29979,29980]} 1. e4 e5 2. Nf3 Nc6 3. Bc4 Nf6 4. d3 h6 5. c3 d6 6. Nbd2 {[%cal Bb1d2,Bd2f1,Bf1e3][%mdl 32] LiveBook: 62 Partien} g5 {C55: Zweispringerspiel} (6... g6 7. Bb3 Bg7 8. Nc4 Be6 9. O-O O-O 10. Re1 Re8 11. a4 a5 12. h3 Qd7 13. Ne3 d5 14. exd5 Nxd5 {½-½ (44) Wan,Y (2499)-Yu,Y (2759) Hangzhou 2018}) 7. h3 {[%cal Bh2h3,Bh3h4][%mdl 32]} Nh5 $146 ({Vorgänger:} 7... Bg7 8. Nf1 d5 9. exd5 Nxd5 10. Ng3 Rg8 11. d4 exd4 12. O-O Be6 13. Re1 {½-½ (39) Horvath,A (2486)-Yankelevich,L (2411) Budapest 2018}) 8. g3 (8. Nxe5 $16 Nxe5 9. Qxh5) 8... Nf6 $14 {Weiß steht etwas besser.} 9. Nf1 Bg7 10. Ne3 Ne7 11. Bb3 c6 12. h4 g4 13. Nh2 {[%cal Rh2g4]} h5 14. f3 d5 (14... gxf3 $14 15. Qxf3 d5) 15. fxg4 $16 hxg4 16. O-O (16. Nhxg4 $16 Nxg4 17. Nxg4) 16... Be6 17. Nhxg4 Nh5 18. Qf3 Qd6 19. c4 dxe4 20. dxe4 O-O-O 21. Rd1 $36 {[%mdl 2048] Weiss hat starke Initiative.} Qc5 22. Rxd8+ Rxd8 23. Nf2 Nf6 {[#]} (23... Bh6 $1 $14) 24. Kg2 $1 $18 a5 25. Nf1 Qd4 26. Rb1 (26. Bg5 Qxb2 27. Rc1 (27. Bxf6 Bxf6 28. Re1 Ng8 $14) 27... a4 $16) 26... Nd7 $2 (26... Qc5 {war einen Versuch wert.} 27. Bg5 Nfg8) 27. Be3 Qd6 28. Rd1 Qb4 $2 (28... Qc7 29. h5 Nf6) 29. Nd3 Qd6 30. Nc5 Qc7 {und die Idee ...Sxc5 ließe Schwarz weiter hoffen.} 31. Nxe6 fxe6 32. Qf7 Bh8 33. c5 Nd5 34. exd5 exd5 35. Bg5 Rf8 36. Qe6 a4 37. Bxa4 Qa5 {[#]} 38. Rxd5 $1 cxd5 39. Bxd7+ Kb8 40. Qd6+ {Precision: Weiß = 58%, Schwarz = 23%.} 1-0

[Event "GCT Saint Louis Blitz 2018"]
[Site "Saint Louis"]
[Date "2018.08.15"]
[Round "12"]
[White "Karjakin, Sergey"]
[Black "Grischuk, Alexander"]
[Result "0-1"]
[WhiteElo "2898"]
[BlackElo "2831"]
[Annotator "TA"]
[PlyCount "100"]
[EventDate "2018.08.14"]
[EventType "tourn"]
[EventCountry "USA"]
[SourceTitle "playchess.com"]
[Source "ChessBase"]
[SourceQuality "1"]

{[%evp 19,100,19,16,-3,3,-38,-41,-66,-41,-171,-170,-170,-173,-165,-167,-155,-12,-43,-41,-113,-100,-110,-108,-113,-116,-284,-269,-243,-25,-406,-414,-414,-406,-392,-392,-689,-681,-1197,-1196,-1151,-1146,-1731,-695,-1677,-1647,-994,-981,-949,-960,-950,-939,-920,-785,-943,-935,-920,-910,-841,-845,-919,-868,-856,-794,-1418,-1448,-1370,-1336,-4817,-5402,-4255,-4137,-2116,-950,-5130,-5503,-1991,-5154,-5606,-5592,-5093,-4975,-29987,-29988]} 1. Nf3 Nf6 2. d4 g6 3. Bf4 Bg7 4. e3 O-O 5. Be2 c5 6. O-O d6 7. h3 b6 8. Nbd2 Bb7 9. c3 Nbd7 10. a4 a6 {LiveBook: 288 Games} 11. Bd3 {A48: 1 d4 Nf6 2 Nf3 g6: Torre, London and Colle Systems} cxd4 $146 ({Predecessor:} 11... Qc7 12. Bh2 Bc6 13. e4 e5 14. dxe5 Nxe5 15. Nxe5 dxe5 16. Qe2 Bb7 17. Rfd1 Nh5 {1-0 (47) Grachev,B (2628)-Alexeev,A (2300) Sochi 2016}) 12. exd4 (12. cxd4 {seems wilder.} e5 13. dxe5 dxe5 14. Bxe5 Nxe5 15. Nxe5 Nh5 16. Ndf3) 12... e5 13. dxe5 {Black is slightly better.} dxe5 14. Bxe5 ({Only move:} 14. Bg5 $15) 14... Nxe5 $19 15. Nxe5 Nh5 $1 {...Re8 is the strong threat.} 16. Ndf3 Bxe5 $1 17. Nxe5 {[#]} Bxg2 (17... Nf4 $1 $17 18. Re1 Nxg2) 18. Bxg6 (18. Kxg2 {with more complications.} Qg5+ 19. Qg4 Qxe5 20. Rfe1 Qf6 21. Qf3) 18... Nf4 19. Bxf7+ (19. Bf5 $1 $15 Qg5 20. Qg4 Qxg4 21. hxg4 Bxf1 22. Rxf1) 19... Rxf7 $17 20. Nxf7 Kxf7 21. Qxd8 Rxd8 22. Rfd1 $2 (22. Rfe1 $17 {was the only defense.}) 22... Rg8 $19 23. Kh2 {[#]} Bxh3 $2 (23... Ne2 $1 $19 {Threatens to win with ...Bc6.} 24. Rd7+ Kf6) 24. Rd4 $2 {[%mdl 8192]} (24. Rg1 $11 Rxg1 25. Rxg1) 24... Rg2+ 25. Kh1 Rxf2 {And now ...Ne2 would win.} 26. Kg1 Rg2+ 27. Kf1 $2 (27. Kh1 Ne2 28. Rf1+ Kg6 29. Rf3 Ng3+ 30. Rxg3+ Rxg3 31. Kh2) 27... Rxb2+ 28. Ke1 Ng2+ 29. Kd1 Ne3+ 30. Kc1 Rc2+ 31. Kb1 Bf5 32. Ra2 Rxc3+ 33. Kb2 Rc2+ 34. Ka3 Rxa2+ 35. Kxa2 Be6+ 36. Kb1 h5 37. Kc1 Nd5 38. Kd2 Kf6 39. Ke1 Ke5 40. Rc4 Bd7 41. Kf2 a5 42. Kf3 Nb4 43. Rh4 Bg4+ 44. Ke3 Na6 45. Rh1 Nc5 46. Rb1 Nxa4 47. Rb5+ Kd6 48. Kd4 Kc6 49. Rg5 Nc5 {( -> ...Ne6+)} 50. Kc4 b5+ {Precision: White = 26%, Black = 73%.} 0-1

[Event "GCT Saint Louis Blitz 2018"]
[Site "Saint Louis"]
[Date "2018.08.15"]
[Round "12"]
[White "Vachier-Lagrave, Maxime"]
[Black "Dominguez Perez, Leinier"]
[Result "1-0"]
[WhiteElo "2878"]
[BlackElo "2687"]
[Annotator "TA"]
[PlyCount "114"]
[EventDate "2018.08.14"]
[EventType "tourn"]
[EventCountry "USA"]
[SourceTitle "playchess.com"]
[Source "ChessBase"]
[SourceQuality "1"]

{[%evp 24,114,39,22,37,2,33,11,31,16,46,32,33,30,39,27,31,31,35,20,21,10,27,0,0,0,81,75,101,7,67,63,58,15,304,304,304,300,297,293,275,275,282,278,306,306,306,302,284,297,306,305,299,299,268,203,262,194,608,82,167,147,105,54,106,102,420,406,385,389,481,90,52,19,125,0,0,0,0,0,75,141,443,427,444,409,778,673,1659,651,29990,29991,29993]} 1. e4 e5 2. Nf3 Nc6 3. Bb5 Nf6 4. O-O Nxe4 5. d4 Nd6 {[%cal Be4d6,Bd6f5,Bf5e7,Be7g6,Bg6f4][%mdl 32]} 6. Bxc6 dxc6 7. dxe5 Nf5 8. Qxd8+ Kxd8 9. h3 h6 10. Rd1+ Ke8 11. Nc3 Ne7 12. b3 Ng6 13. Bb2 {LiveBook: 11 Games. C67: Ruy Lopez: Berlin Defence: 4 0-0 Nxe4} (13. Ne2 Be7 14. Bb2 h5 15. Rd2 h4 16. Rad1 Rh5 17. Ned4 a6 18. c4 Nf4 19. Bc3 Rh6 20. Ne2 Nxe2+ 21. Rxe2 {½-½ (35) Ni,H (2670)-Dominguez Perez,L (2739) chess.com INT 2018}) 13... Nf4 14. Rd2 Be7 15. Rad1 {White is slightly better.} Ne6 16. Ne2 $146 ({Predecessor:} 16. Ne4 Bb4 17. c3 Bf8 {½-½ (28) Torres Novalbos,D (1994)-Rizouk,A (2499) Erandio 2005}) 16... c5 17. Nc3 b6 18. Nd5 Bb7 19. c4 h5 20. h4 Rd8 21. Bc1 Bc6 22. Rd3 Rd7 23. Bg5 Bxg5 24. Nxg5 Nd4 (24... Bxd5 $11 25. Rxd5 (25. cxd5 Nd4 $11) 25... Rxd5 26. cxd5 Nd4) 25. Nf4 $36 {[%mdl 2048] White is really pushing.} Rh6 26. Re1 (26. b4 $1 $16) 26... Ke7 (26... Re7 $11) 27. f3 $14 a5 28. a4 Rd8 $2 {[%mdl 8192] [#]} (28... Nc2 $11 {and Black stays safe.} 29. Rxd7+ Bxd7 30. Nd5+ Ke8) 29. e6 $1 $18 {[%cal Re6f7][%mdl 512]} fxe6 {[#]} (29... Nxe6 30. Rxd8) 30. Nfxe6 $1 {[%mdl 512]} Nxe6 31. Rxd8 Kxd8 32. Nxe6+ {[%mdl 4096] Endgame KRB-KRN} Kd7 33. Nxg7 Rg6 34. Nxh5 Bxf3 35. Nf4 Rg4 36. g3 $1 Rg8 37. Kf2 Bg4 38. h5 Bf5 39. Nd5 Kd6 40. Rd1 {Strongly threatening Nf6+.} Ke5 $2 (40... Bg4 41. Rd2 Rf8+ 42. Kg1 Ke5) 41. Nf4 $2 (41. Ne7 $18 {and the rest is easy.} Rh8 42. Rd5+ Kf6 43. Nxf5) 41... Bc2 (41... Kf6 $16) 42. Re1+ Kf5 43. Re3 (43. Nd5 $16 Rf8 44. Kg2 (44. Nxc7 Bxb3 45. Nd5 Bxa4 $11)) 43... Rd8 ({Black should try} 43... c6 $14) 44. Nd5 $16 Kg5 $2 {[%mdl 8192]} (44... Rd6 $16) 45. Re5+ $1 $18 Kh6 46. g4 $1 Bxb3 47. Nf4 $2 (47. Re6+ $18 {has better winning chances.} Kg7 48. Re7+ (48. Nxc7 Rb8 $16) 48... Kh6 49. Re6+ (49. Rxc7 Rd6 $16) (49. Nxc7 Bxc4 50. Kg3 Rd1 $11) 49... Kg7 50. Nxc7) 47... Rg8 $16 48. Kg3 {And now Kh4 would win.} Bd1 $1 49. Re6+ (49. Ng6 $1 $16) 49... Kh7 $11 50. Ng6 Bxa4 51. Kf4 Bc2 (51... Re8 $11 52. Rf6 Kg8) 52. Ne5 $16 {[%mdl 1024] White has strong compensation.} Rf8+ $2 {[%mdl 8192]} (52... a4 $16) 53. Kg5 $18 Rg8+ {[#]} 54. Kh4 $1 a4 {[#]} (54... Rf8 $142 55. Re7+ Kh8) 55. g5 $1 a3 56. g6+ (56. Re7+ $142 Kh8 57. g6) 56... Kg7 57. Kg5 Kh8 {Precision: White = 46%, Black = 27%.} 1-0

[Event "GCT Saint Louis Blitz 2018"]
[Site "Saint Louis"]
[Date "2018.08.15"]
[Round "12"]
[White "So, Wesley"]
[Black "Anand, Viswanathan"]
[Result "0-1"]
[WhiteElo "2800"]
[BlackElo "2812"]
[Annotator "TA"]
[PlyCount "82"]
[EventDate "2018.08.14"]
[EventType "tourn"]
[EventCountry "USA"]
[SourceTitle "playchess.com"]
[Source "ChessBase"]
[SourceQuality "1"]

{[%evp 15,82,-17,0,-17,-25,-18,-16,-10,7,-68,0,-16,-22,0,-11,-41,-26,-37,-33,-28,-21,-19,57,56,64,69,71,63,79,81,73,61,64,30,122,0,0,0,147,110,108,104,107,93,93,98,103,104,137,149,187,183,213,90,95,76,145,151,139,145,183,103,79,-50,0,-178,-201,-1693,-1675]} 1. d4 Nf6 2. c4 e6 3. Nc3 Bb4 4. g3 O-O 5. Bg2 d5 6. Nf3 dxc4 7. O-O Nc6 {[%cal Bb8c6,Bc6b4,Bb4d3][%mdl 32]} 8. Qa4 {E20: Nimzoindisch (Seltene Züge)} Bd7 {LiveBook: 5 Partien} 9. Qc2 (9. Bg5 Rb8 10. Rad1 Bxc3 11. bxc3 h6 12. Bxf6 Qxf6 13. Qxc4 Rfc8 14. Nd2 Na5 15. Qb4 b6 {½-½ (67) Matlakov,M (2735)-Tomashevsky,E (2713) St Petersburg 2017}) 9... Be7 $146 ({Vorgänger:} 9... Rb8 10. Rd1 b5 11. Ne5 Nxe5 12. dxe5 Nd5 13. Bxd5 exd5 14. Nxd5 Ba5 15. Bf4 c6 {1-0 (51) Mochalov,E (2374)-Vaganian,R (2550) Minsk 2018}) 10. e4 {Schwarz hat minimalen Vorteil.} Nb4 11. Qe2 Nd3 12. Be3 (12. Ne1 $11) 12... b5 ({Lieber} 12... c5 $15) 13. Ne1 Nxe1 14. Rfxe1 c6 15. Rad1 Rc8 16. d5 cxd5 17. exd5 Qa5 18. a3 exd5 (18... Bc5 $11) 19. Bd2 $1 $14 {[%cal Be3d2,Bd2c3,Bc3d4][%mdl 32]} Bd8 20. Nxd5 Qa6 21. Bc3 {[%mdl 1024] Weiss hat starke Kompensation.} Re8 {[#]} 22. Qd2 $1 {Droht stark Sxf6+.} Be6 23. Nb4 Qb6 24. Bd4 Qa5 (24... Qd6 $1 $11 {hält das Gleichgewicht.}) 25. Bc3 Qb6 $1 26. Bd4 $36 {[%mdl 2048] Weiss hat gut koordiniertes Spiel.} Qa5 27. Bc6 Rf8 28. Bc5 Bb6 29. Bxf8 Rxf8 30. Bf3 h6 31. Kg2 Bc5 32. Nd5 Qd8 33. Nf4 Bd7 34. Re5 (34. Nh5 $18 {ist viel giftiger. Schwarz muss nun Sxf6+ beachten.} Nxh5 35. Qxd7 Qxd7 36. Rxd7) 34... Qc7 $16 35. Re2 {Droht Sh5 und aus.} Bf5 ({Besser ist} 35... Qc8) 36. Nd5 Nxd5 37. Qxd5 ({Schwächer ist} 37. Bxd5 Bd3 $11) 37... Bd3 38. Ree1 ({Günstiger ist} 38. Re5 $18 Bd6 39. Ree1) 38... Qb6 39. Rd2 (39. Be4 $16) 39... b4 (39... Rd8 $5 {[%cal Rd8d5]} 40. Qe5 Bf1+ 41. Rxf1 Rxd2 $15) 40. Be4 $2 {[#]} (40. Be2 $11 Bxf2 41. Red1) 40... Rd8 $19 41. Bxd3 $2 (41. Rxd3 cxd3 42. Qf5) 41... Rxd5 {Precision: Weiß = 41%, Schwarz = 45%.} 0-1

[Event "GCT Saint Louis Blitz 2018"]
[Site "Saint Louis"]
[Date "2018.08.15"]
[Round "12"]
[White "Mamedyarov, Shakhriyar"]
[Black "Aronian, Levon"]
[Result "1-0"]
[WhiteElo "2795"]
[BlackElo "2871"]
[Annotator "TA"]
[PlyCount "112"]
[EventDate "2018.08.14"]
[EventType "tourn"]
[EventCountry "USA"]
[SourceTitle "playchess.com"]
[Source "ChessBase"]
[SourceQuality "1"]

{[%evp 13,112,0,17,7,0,0,14,0,28,0,43,41,74,61,57,63,73,46,52,51,44,44,47,44,61,59,104,104,131,129,137,129,126,125,133,123,130,119,115,130,121,116,134,114,127,107,109,107,106,106,107,-283,-296,-357,-339,-389,-391,-391,-391,-387,-380,-385,-366,-383,-388,-375,-393,-376,-189,-128,0,0,8,0,0,0,25,0,0,-60,0,-28,108,143,122,145,141,145,1372,1297,6139,6131,5716,5373,5724,5410,29983,862,29982,29983,5114]} 1. Nf3 Nf6 2. c4 e6 3. e3 d5 4. b3 c5 5. Bb2 Nc6 6. cxd5 exd5 7. Nc3 {A13: English Opening: 1...e6} (7. Bb5 Bd6 8. d4 O-O 9. dxc5 Bxc5 10. O-O Bg4 11. Bxc6 bxc6 12. Qc2 Ne4 13. Nbd2 Nxd2 14. Nxd2 Bb6 15. h3 Be6 {½-½ (62) Andreikin,D (2712)-Anand,V (2776) Moscow 2018}) 7... Bd6 {LiveBook: 3 Games} 8. Rc1 O-O 9. Na4 $146 {The position is equal.} ({Predecessor:} 9. Be2 d4 10. exd4 Nxd4 11. Nxd4 cxd4 12. Nb5 d3 13. Bxd3 Bf4 14. Be2 a6 15. Bxf6 Qxf6 {½-½ (30) O'Sullivan,R (1628)-Gudmundsson,O ICCF email 2014}) 9... b6 10. d4 Ne4 (10... cxd4 $5 {[%cal Rd6b4]} 11. Nxd4 (11. Rxc6 Bb4+ 12. Nc3 dxc3 $11) 11... Nxd4 12. Qxd4 Re8 $11) 11. dxc5 Bxc5 12. Bb5 Ne7 13. O-O Bg4 14. h3 $36 {[%mdl 2048] White fights for an advantage.} Bh5 15. Be2 Rc8 16. Nd2 Bxe2 17. Qxe2 {Black must now prevent Nxe4.} Nxd2 18. Qxd2 Bd6 $1 19. Qd4 {[%csl Gb2][%cal Rd4g7] [#]} Nf5 20. Rxc8 Qxc8 21. Qxd5 {Threatens to win with e4.} Rd8 {Strongly threatening ...Bh2+!} 22. Qe4 Bb8 23. Nc3 Re8 24. Qg4 Be5 25. Rc1 Qe6 26. Rd1 g6 27. Qe4 h5 28. Rd3 Qc8 29. Qa4 a6 30. Qd7 b5 31. Qxc8 Rxc8 32. Nd5 $2 {[%mdl 8192]} (32. e4 $16 Nd4 33. Kf1) 32... Bxb2 $19 33. g4 Rc1+ 34. Kg2 hxg4 35. hxg4 Nh4+ 36. Kg3 g5 37. f4 Rg1+ 38. Kh3 Nf3 39. Ne7+ Kh7 40. Nf5 Bf6 (40... Bc1 $142 41. Rc3 b4) 41. Rd7 Kg6 (41... Ne1 $17 {aiming for ...Rh1+.} 42. Ng3 Kg8) 42. Rd6 $11 Rc1 43. Ne7+ Kg7 44. Nf5+ Kg6 45. Rxa6 Nd2 46. Ng3 (46. Ne7+ $11 Kg7 47. Nf5+ Kg6 48. Ng3) 46... Rc3 ({Better is} 46... Rc2 $1 $15) 47. f5+ Kg7 (47... Kh7 $1 $11 48. Rd6 (48. Rxf6 Rxe3 49. Rxf7+ Kg8 $15) 48... Be5 49. Rxd2 Rxe3) 48. Nh5+ $16 Kf8 49. Nxf6 {And now Nh7+ would win.} Rxe3+ {[%mdl 4096] Endgame KRN-KRN} 50. Kg2 Ne4 $2 {[%mdl 8192]} (50... Re2+ $16 51. Kg3 Kg7 52. Nh5+ Kh8 53. Ra8+ Kh7 54. Nf6+ Kh6) 51. Ra8+ $18 Kg7 {[#]} 52. Nh5+ $1 Kh7 53. Re8 Re2+ 54. Kf3 Rf2+ 55. Ke3 (55. Kxe4 $142 Rxa2 56. Rb8 Re2+ 57. Kd5 b4 58. Rxb4 Rb2 59. Rb7 Kh6 60. b4) 55... Rxa2 56. Kxe4 Re2+ {Precision: White = 57%, Black = 48%.} 1-0

[Event "GCT Saint Louis Blitz 2018"]
[Site "Saint Louis"]
[Date "2018.08.14"]
[Round "13"]
[White "Aronian, Levon"]
[Black "Vachier-Lagrave, Maxime"]
[Result "1-0"]
[WhiteElo "2871"]
[BlackElo "2878"]
[Annotator "TA"]
[PlyCount "67"]
[EventDate "2018.08.14"]
[EventType "tourn"]
[EventCountry "USA"]
[SourceTitle "playchess.com"]
[Source "ChessBase"]
[SourceQuality "1"]

{[%evp 32,67,17,0,40,57,67,-20,-9,-23,25,44,43,27,16,40,146,119,185,171,158,174,445,455,568,530,761,764,751,734,866,761,1050,1037,1176,1146,1895,1887]} 1. e4 c5 2. Nf3 d6 3. d4 cxd4 4. Nxd4 Nf6 5. Nc3 a6 6. Be3 Ng4 7. Bc1 Nf6 8. f3 e5 9. Nb3 Be6 10. Be3 Nbd7 11. g4 Be7 12. Qd2 b5 13. g5 {B90: Sicilian Najdorf: Unusual White 6th moves, 6 Be3 Ng4 and 6 Be3 e5} (13. a4 bxa4 14. Rxa4 O-O 15. Na5 Nb8 16. g5 Ne8 17. Nd5 Bxd5 18. exd5 Qd7 19. b3 Bd8 20. Bd3 f5 {1-0 (43) Kryvoruchko,Y (2693)-Yu,Y (2725) Baku 2016 CBM 175 [Havasi,G]}) 13... b4 14. Ne2 Nh5 15. Ng3 Nf4 16. Bxf4 exf4 17. Nh5 {LiveBook: 4 Games} O-O (17... Bxb3 $5 18. axb3 Ne5 $16) 18. h4 Ne5 19. Qxf4 $146 (19. Be2 $14) ({Predecessor (2):} 19. Be2 d5 20. O-O-O dxe4 21. Qxf4 {½-½ (55) Szabo,K (2467)-Nechepurenko,R (2463) Balatonlelle 2006}) 19... Qc7 $11 20. O-O-O {[%cal Be1c1,Bc1b1,Bb1a2][%mdl 32]} Rfc8 {[%csl Gc8][%cal Rc7c2] [#]} 21. Rh2 a5 22. Kb1 a4 23. Nd4 $40 {[%mdl 128] White mounts an attack.} Bxa2+ (23... Bd7 $14) 24. Kxa2 $16 {Black must now prevent Qc1.} b3+ (24... Bf8 $16 25. Qc1 d5) 25. Kb1 $18 (25. cxb3 axb3+ 26. Kxb3 Qa7 $19) 25... a3 {Strongly threatening ...axb2.} 26. cxb3 {Threatens to win with Rc2.} (26. Nxb3 axb2 27. c4 (27. Kxb2 Qc3+ 28. Kb1 Rcb8 29. Bb5 Rxb5 30. Qxf7+ Nxf7 31. Nf6+ Bxf6 32. Kc1 Rxb3 33. gxf6 Ra1#) 27... Qa7 $16) 26... Qa5 $2 {[#]} (26... axb2 {keeps fighting.} 27. Rxb2 Qa7) 27. Qd2 $1 {White is clearly winning.} Qb6 28. Nf4 Nxf3 29. Nxf3 Qxb3 30. Nd4 Qb7 31. Nd5 Bd8 32. b4 a2+ 33. Ka1 Bb6 34. Nf5 1-0

[Event "GCT Saint Louis Blitz 2018"]
[Site "Saint Louis"]
[Date "2018.08.14"]
[Round "13"]
[White "Grischuk, Alexander"]
[Black "So, Wesley"]
[Result "0-1"]
[WhiteElo "2831"]
[BlackElo "2800"]
[Annotator "TA"]
[PlyCount "108"]
[EventDate "2018.08.14"]
[EventType "tourn"]
[EventCountry "USA"]
[SourceTitle "playchess.com"]
[Source "ChessBase"]
[SourceQuality "1"]

{[%evp 21,108,31,28,0,-8,-20,-15,-19,11,-89,101,-91,-82,-95,-8,-422,-375,-372,-361,-292,-292,-297,-275,-490,-493,-939,-895,-940,-937,-1099,-1102,-1200,-1156,-1194,-681,-1694,-1094,-1029,-845,-808,-558,-561,-543,-604,-613,-580,-616,-617,-597,-604,-594,-629,-632,-631,-601,-660,-660,-675,-647,-659,-652,-957,-935,-1106,-1102,-1028,-847,-840,-845,-817,-795,-875,-812,-1241,-1147,-1622,-1661,-2170,-2089,-1371,-1310,-1146,-1072,-1010,-880,-831,-749,-2726,-2484]} 1. c4 c5 2. Nf3 Nc6 3. Nc3 g6 4. e3 Nf6 5. d4 cxd4 6. exd4 d5 7. cxd5 Nxd5 8. Qb3 Nxc3 9. Bc4 e6 10. bxc3 Bd7 11. Bd3 {A35: Symmetrical English: 2 Nc3 Nc6 3 Nf3} (11. Be2 Na5 12. Qb1 Rc8 13. O-O Bg7 14. Ba3 Bf8 15. Bb4 Bxb4 16. cxb4 Nc6 17. b5 Ne7 18. Ne5 O-O {0-1 (36) Ding,L (2791)-So,W (2778) Stavanger 2018}) 11... Na5 {LiveBook: 6 Games} 12. Qb1 $146 ({Predecessor:} 12. Qc2 Bg7 13. O-O O-O 14. Bf4 Rc8 15. Ne5 Nc6 16. Nxd7 Qxd7 17. Qe2 Rfe8 18. Rfd1 e5 19. dxe5 Bxe5 {½-½ (39) Fridman,D (2640)-Dubov,D (2666) Tbilisi 2017}) 12... Bg7 13. h4 {The position is equal.} Rc8 14. h5 {[%cal Rh5g6]} Bc6 15. Ng5 (15. Qb4 $11) 15... Bxg2 $2 (15... h6 $1 $17 {[%cal Rh6g5] stays on course.} 16. Ne4 g5) 16. hxg6 $2 (16. Rg1 $1 $16 {[%cal Rh5g6]} Rxc3 17. Rxg2) 16... Bxh1 $17 17. gxf7+ {[#]} Kd7 {[#]} ({Better is} 17... Ke7 $1 $17 {Hoping for ...Qd6.} 18. Qb4+ Kf6) 18. Qb4 $2 {[%mdl 8192]} (18. Bf5 $1 $11 {[%mdl 512]} Qe7 (18... exf5 19. Qxf5+) 19. Bxe6+ Kd8 20. Qf5) 18... Qb6 19. Qa4+ Bc6 20. Qd1 Bf6 21. Rb1 Qc7 22. Nxe6 $2 (22. c4 {might work better.}) 22... Kxe6 $19 {[%cal Bd7e6,Be6f7,Bf7e7,Be7d8][%mdl 32] Black is clearly winning.} 23. Qg4+ (23. Qh5 $142 Qxf7 24. Qxa5) 23... Kxf7 24. Qh5+ Ke7 25. Ba3+ Kd8 26. Kf1 b6 27. d5 Qe5 28. Qh6 Bxd5 29. Re1 Bg2+ 30. Kxg2 Qg5+ 31. Qxg5 Bxg5 32. Re5 Bf6 33. Rd5+ Kc7 34. Bd6+ Kb7 35. Be4 {With the idea Rxa5+.} Nc6 36. Rf5 Bxc3 37. Rf7+ Ka6 38. a4 Rhg8+ 39. Kf1 Rg7 40. Bd3+ Ka5 41. Rf4 Be5 42. Rf5 Rd7 43. Bxe5 Nxe5 44. Rxe5+ {[%mdl 4096] Endgame KRR-KRB} Rc5 45. Re3 Kxa4 46. f4 Rf7 47. Rf3 a5 {[%cal Ba7a5,Ba5a4][%mdl 32]} 48. f5 Kb4 49. Ke2 a4 50. Rf1 Ka5 51. Ke3 b5 52. Kd4 Rc6 53. Be4 Rc4+ 54. Ke5 Re7+ {Precision: White = 30%, Black = 52%.} 0-1

[Event "GCT Saint Louis Blitz 2018"]
[Site "Saint Louis"]
[Date "2018.08.14"]
[Round "13"]
[White "Mamedyarov, Shakhriyar"]
[Black "Caruana, Fabiano"]
[Result "1-0"]
[WhiteElo "2795"]
[BlackElo "2709"]
[Annotator "TA"]
[PlyCount "85"]
[EventDate "2018.08.14"]
[EventType "tourn"]
[EventCountry "USA"]
[SourceTitle "playchess.com"]
[Source "ChessBase"]
[SourceQuality "1"]

{[%evp 21,85,0,0,0,13,0,8,0,14,26,15,11,33,0,0,0,0,0,0,0,0,0,0,0,0,0,0,0,0,-18,0,-21,0,0,0,0,0,0,0,0,0,-37,0,0,-6,-89,-79,-101,-99,-104,-75,-80,-80,-89,-9,-14,-6,-143,-106,-107,-108,-141,-10,-7,683,668]} 1. d4 Nf6 2. c4 e6 3. Nc3 Bb4 4. Qc2 O-O 5. a3 Bxc3+ 6. Qxc3 d5 7. Bg5 dxc4 {E36: Nimzoindisch (4.Dc2)} 8. Qxc4 b6 9. Rd1 Ba6 10. Qa4 h6 11. Bh4 Qe7 {LiveBook: 11 Partien} 12. Nf3 Rd8 13. e3 Bxf1 14. Rxf1 c5 15. dxc5 Rxd1+ 16. Qxd1 bxc5 17. Qc2 $146 {Schwarz muss nun Lxf6 beachten.} (17. Ne5 $5 {[%cal Rd1f3]} g5 18. Bg3 $11) 17... Nbd7 18. Ke2 Rc8 19. Rd1 c4 20. Kf1 Nb6 21. h3 c3 22. Kg1 Qc5 23. Bxf6 gxf6 24. bxc3 Qxa3 25. Rd3 Kg7 26. e4 Qa4 27. Qc1 Qxe4 28. Rd4 Qf5 29. Rg4+ Kf8 30. Nd4 Qe5 31. Rg3 Nd5 32. Qa3+ Ne7 33. Qxa7 {[#]} (33. Qc1 $11) 33... Rxc3 $1 $17 {[%mdl 512]} 34. Nf3 (34. Rxc3 Qe1+) 34... Rc1+ 35. Kh2 Qc7 36. Qa8+ Qc8 37. Qa3 Rc3 (37... h5 $17 38. Nd2 h4) 38. Qb4 $1 $11 Qc7 39. Kg1 (39. Qh4 $1 $11 {war der einzige Weg, das Gleichgewicht zu behalten.} Nd5 40. Qxh6+ Ke7 41. Qd2) 39... Rc1+ 40. Kh2 Rc5 {Und ...Sf5 würde nun gewinnen.} 41. Nd4 {[#]} Rc4 (41... h5 $1 $17 {Droht stark ...h4.} 42. Nb3 Rc4) 42. Qd2 Ke8 $2 {[%mdl 8192]} (42... Nd5 $11) 43. Nb5 {Precision: Weiß = 51%, Schwarz = 52%.} 1-0